ბათუმის შოთა რუსთაველის სახელმწიფო უნივერსიტეტის ბიბლიოთეკა

An elementary course in descriptive geometry / (ბიბ.ჩანაწერი № 57535)

000 -LEADER
fixed length control field 00907cam a22002771a 4500
001 - CONTROL NUMBER
control field 7729547
005 - DATE AND TIME OF LATEST TRANSACTION
control field 20200702140717.0
008 - FIXED-LENGTH DATA ELEMENTS--GENERAL INFORMATION
fixed length control field 830526s2007 nyua 000 0 eng
010 ## - LIBRARY OF CONGRESS CONTROL NUMBER
LC control number 03021631
020 ## - INTERNATIONAL STANDARD BOOK NUMBER
International Standard Book Number 9781603860604
035 ## - SYSTEM CONTROL NUMBER
System control number (OCoLC)9551268
040 ## - CATALOGING SOURCE
Original cataloging agency DLC
Transcribing agency IU
Modifying agency DLC
041 ## - LANGUAGE CODE
Language code of text/sound track or separate title eng
042 ## - AUTHENTICATION CODE
Authentication code premarc
050 00 - LIBRARY OF CONGRESS CALL NUMBER
Classification number QA501
Item number .W91
080 ## - UNIVERSAL DECIMAL CLASSIFICATION NUMBER
Universal Decimal Classification number 514 W-81
100 1# - MAIN ENTRY--PERSONAL NAME
Personal name Woolf, Solomon,
Dates associated with a name 1841-1911.
9 (RLIN) 9019
245 13 - TITLE STATEMENT
Title An elementary course in descriptive geometry /
Statement of responsibility, etc. by Solomon Woolf.
260 ## - PUBLICATION, DISTRIBUTION, ETC.
Place of publication, distribution, etc. New York :
Name of publisher, distributor, etc. J. Wiley & sons,
Date of publication, distribution, etc. 1888.
300 ## - PHYSICAL DESCRIPTION
Extent x, 152 p. :
Other physical details illus. ;
Dimensions 27 cm.
650 #0 - SUBJECT ADDED ENTRY--TOPICAL TERM
Topical term or geographic name entry element Geometry, Descriptive.
9 (RLIN) 8443
653 ## - INDEX TERM--UNCONTROLLED
keyword ელემენტარული კურსი აღწერილური გეომეტრიაში
653 ## - INDEX TERM--UNCONTROLLED
keyword გეომეტრია
906 ## - LOCAL DATA ELEMENT F, LDF (RLIN)
a 7
b cbc
c oclcrpl
d u
e ncip
f 19
g y-gencatlg
942 ## - ADDED ENTRY ELEMENTS (KOHA)
Source of classification or shelving scheme
Koha item type წიგნი
ეგზემპლარები
Withdrawn status Lost status Source of classification or shelving scheme Damaged status Not for loan Permanent Location Current Location Shelving location Date acquired Cost, normal purchase price Full call number Barcode Date last seen Copy number Price effective from Koha item type Public note
          ბათუმის შოთა რუსთაველის სახელმწიფო უნივერსიტეტის მთავარი ბიბლიოთეკა ბათუმის შოთა რუსთაველის სახელმწიფო უნივერსიტეტის მთავარი ბიბლიოთეკა წიგნსაცავი 2020-07-02 50.00 514 W-81 60734 2020-07-02 60734 2020-07-02 წიგნი 50 ლ.